From the Villain's Point of View - Statistics

General Stats
  • This quiz has been taken 554 times
  • The average score is 10 of 16
Answer Stats
Do you have anything to declare? Villain % Correct
I lived quietly in my Romanian castle until this young man upset my routine. Strange routine you say? I have the right to sleep in a coffin and drink blood. Am I criticizing your lifestyle? Book Dracula
99%
Yes, I like fashion and warm clothes. Fur is perfect on both counts so why should I deprive myself of it? And fur from spotted dogs is the best! Movie Cruella De Vil
91%
That guy in the dark suit had me locked up in the asylum because I wanted to make people laugh! He needs to relax: he's definitely too serious! Comic The Joker
85%
I know this sounds like overkill, but the reason I wiped out half of all living things was to bring balance to the universe. Tell me, you're not going to confiscate my pretty gauntlet for so little? Comic Thanos
81%
I just wanted to give this baby an original welcome gift. A lightning bolt tattoo seemed so cool to me! On second thought, I should have chosen the biceps instead of the forehead. Book Lord Voldemort
80%
I offered my son the chance to rule the Galaxy by my side. The kid was so reluctant I had to cut his arm off. Does that make me a bad dad? No. That's just my style of parenting. Movie Darth Vader
77%
You’re right. Forcibly bringing a princess to my castle is a bit much. But I'm sure we could have had a great story, she and I, if only that mustachioed plumber hadn't come along! Video Game Bowser
72%
A little man stole my jewellry and you say I'm the bad guy? This item was so precious to me.I would have thrown myself into the fire to get it back! Book Gollum
67%
My embittered nephew chased me from the throne when I had done nothing wrong.I swear on my mane that my brother slipped on his own! Movie Scar
66%
These slippers are family heirlooms! I had to get them back. And by the way, their red color goes perfectly with my black dress and my green complexion! Book The Wicked Witch of the West
66%
I've tried everything to make friends: shape-shifting, funny makeup, and even balloons. But nothing helps. Social interaction isn't easy when you come from another dimension. Book Pennywise
64%
So enjoying your favorite meat with fava beans and a nice Italian wine is now a crime?What a barbaric world we live in! Movie Hannibal Lecter
48%
Don't blame Mother, that girl needed to be punished. Our motel is not a place where you can shower so provocatively. Movie Norman Bates
43%
Why do I keep this on my face? There's nothing like a skin mask to protect you from the Texas sun. And the chainsaw? To cut wood, what else? Movie Leatherface
40%
Look, I understand this poor sailor didn’t appreciate me having his leg for breakfast.
But chasing me across the seven seas is a bit obsessive, isn't it?
Book Moby Dick
36%
Torture you say? I simply motivated him to finish the best novel of his career.And anyway, feet heal up quickly enough… Book Annie Wilkes
13%
No matching quizzes found
Score Distribution
Percent of People with Each Score
Percentile by Number Answered
Your Score History
You have not taken this quiz